[Event "chess.com Speed 5m+1spm 2018"]
[Site "chess.com INT"]
[Date "2018.08.07"]
[Round "1.3"]
[White "Nepomniachtchi, Ian"]
[Black "Grischuk, Alexander"]
[Result "1/2-1/2"]
[WhiteTitle "GM"]
[BlackTitle "GM"]
[WhiteElo "2757"]
[BlackElo "2766"]
[WhiteFideId "4168119"]
[BlackFideId "4126025"]
[EventDate "2018.07.24"]

1. e4 e5 2. Nf3 Nc6 3. Bb5 Nf6 4. d3 Bc5 5. Nbd2 d6 6. c3 O-O 7. O-O Ne7 8. d4
exd4 9. cxd4 Bb6 10. Re1 Bg4 11. h3 Bh5 12. Qb3 a6 13. Bf1 Nc6 14. d5 Nb8 15.
Nc4 Ba7 16. e5 dxe5 17. Qxb7 Nbd7 18. Nfxe5 Nc5 19. Qc6 Nxd5 20. g4 Nb4 21. Qf3
Bg6 22. Rd1 Qh4 23. Bf4 Be4 24. Qg3 Qxg3+ 25. Bxg3 Rad8 26. Ne3 Rxd1 27. Rxd1
Nxa2 28. Bc4 Nb4 29. Nxf7 Bg6 30. Ne5+ Kh8 31. Nxg6+ hxg6 32. Bxc7 Ne4 33. Rd8
Rxd8 34. Bxd8 Bd4 35. b3 Nd2 36. Bf7 Nd3 37. Bc7 Kh7 38. Bd5 Nb4 39. Ba5 Nxd5
40. Bxd2 Nf4 41. Kh2 Kg8 42. Kg3 Nd3 43. Kf3 Ba7 44. Nd5 Nxf2 45. Ne7+ Kf7 46.
Nc8 Bd4 47. h4 Ke6 48. Ba5 Nd3 49. Ke4 Nc5+ 50. Kxd4 Nxb3+ 51. Ke4 Nxa5 52. Nb6
Nb7 53. Kd4 a5 54. Nd5 Nd6 55. Nf4+ Kf7 56. Kd5 Nb5 57. h5 gxh5 58. Nxh5 a4 59.
Kc4 a3 60. Kb3 g6 61. Nf4 Kf6 62. Nd5+ Kg5 63. Ne7 Kf6 64. Nd5+ Ke5 65. Ne7 g5
66. Ng8 Kf4 67. Nf6 Kf3 68. Ka2 Kf4 69. Kb3 Ke5 70. Nh7 Kf4 71. Nf6 Kf3 72. Ka2
Kg3 73. Kb3 Kf4 74. Ka2 Kf3 75. Kb3 Ke3 76. Nh7 Kf4 77. Nf6 Ke5 78. Nh7 Nd4+ 79.
Kxa3 Kf4 80. Nxg5 Kxg5 81. Ka2 Kxg4 1/2-1/2

[Event "chess.com Speed 5m+1spm 2018"]
[Site "chess.com INT"]
[Date "2018.08.07"]
[Round "1.4"]
[White "Grischuk, Alexander"]
[Black "Nepomniachtchi, Ian"]
[Result "1-0"]
[WhiteTitle "GM"]
[BlackTitle "GM"]
[WhiteElo "2766"]
[BlackElo "2757"]
[WhiteFideId "4126025"]
[BlackFideId "4168119"]
[EventDate "2018.07.24"]

1. d4 Nf6 2. c4 g6 3. Nc3 d5 4. cxd5 Nxd5 5. e4 Nxc3 6. bxc3 Bg7 7. Nf3 O-O 8.
Be2 c5 9. Rb1 b6 10. O-O Qd7 11. d5 Bxc3 12. e5 Qf5 13. Bd3 Qh5 14. d6 Bb7 15.
dxe7 Re8 16. Be2 Nc6 17. Ng5 Qh4 18. Qb3 Bxe5 19. Qxf7+ Kh8 20. g3 Nd4 21. Ba6
Qxg5 22. Bxb7 Qf6 23. Qxf6+ Bxf6 24. Bxa8 Rxa8 25. Bb2 Bxe7 26. Bxd4+ cxd4 27.
Rfe1 Bc5 28. Rb3 Rf8 29. Rd3 Kg7 30. Kg2 a5 31. a4 h5 32. Re4 Rd8 33. h3 Kf6 34.
f4 Rb8 35. g4 hxg4 36. hxg4 Rd8 37. g5+ Kf7 38. Kg3 Rh8 39. Re1 Bb4 40. Re2 Bc3
41. Re5 Rc8 42. Rb5 Rc4 43. Rxb6 Rxa4 44. Kg4 Rb4 45. Rf6+ Kg7 46. Ra6 Rb7 47.
Rh3 Rd7 48. Rh6 d3 49. Raxg6+ Kf8 50. Rd6 Rxd6 51. Rxd6 d2 52. Kf3 a4 53. Ke2 a3
54. Ra6 Bb4 55. Ra4 1-0

[Event "chess.com Speed 5m+1spm 2018"]
[Site "chess.com INT"]
[Date "2018.08.07"]
[Round "1.5"]
[White "Nepomniachtchi, Ian"]
[Black "Grischuk, Alexander"]
[Result "1-0"]
[WhiteTitle "GM"]
[BlackTitle "GM"]
[WhiteElo "2757"]
[BlackElo "2766"]
[WhiteFideId "4168119"]
[BlackFideId "4126025"]
[EventDate "2018.07.24"]

1. e4 c5 2. Nf3 d6 3. d4 cxd4 4. Nxd4 Nf6 5. Nc3 a6 6. Bg5 e6 7. Qf3 h6 8. Bd2
Qb6 9. Nb3 Nbd7 10. Be2 Qc7 11. a4 b6 12. Qg3 Bb7 13. Bd3 Nh5 14. Qh3 Nhf6 15.
O-O Be7 16. Rae1 Ne5 17. f4 Nxd3 18. cxd3 Qd7 19. f5 e5 20. Qg3 Kf8 21. d4 exd4
22. Nxd4 Kg8 23. Nd5 Nxd5 24. exd5 Bf6 25. Bc3 Kh7 26. Ne6 Bxc3 27. Qxc3 Rhg8
28. f6 fxe6 29. dxe6 Qxa4 30. f7 Rgc8 31. Qd3+ Kh8 32. e7 1-0

[Event "chess.com Speed 5m+1spm 2018"]
[Site "chess.com INT"]
[Date "2018.08.07"]
[Round "1.6"]
[White "Grischuk, Alexander"]
[Black "Nepomniachtchi, Ian"]
[Result "1/2-1/2"]
[WhiteTitle "GM"]
[BlackTitle "GM"]
[WhiteElo "2766"]
[BlackElo "2757"]
[WhiteFideId "4126025"]
[BlackFideId "4168119"]
[EventDate "2018.07.24"]

1. d4 f5 2. g3 g6 3. Bg2 Bg7 4. Nf3 Nf6 5. O-O O-O 6. c4 d6 7. Nc3 c6 8. b3 Qc7
9. Ba3 Re8 10. Rc1 Nbd7 11. d5 Nc5 12. Nd4 Nce4 13. Nxe4 Nxe4 14. Qd3 Nc5 15.
Qd2 Bd7 16. Rfd1 Rad8 17. e3 Ne4 18. Qc2 cxd5 19. cxd5 Qxc2 20. Rxc2 Rc8 21.
Rdc1 Bxd4 22. exd4 Rxc2 23. Rxc2 Rc8 24. Rxc8+ Bxc8 25. Bxe4 fxe4 26. Kf1 b6 27.
Bc1 Bb7 28. b4 Bxd5 29. a4 Kf7 30. Ke2 Ke6 31. a5 Bc4+ 32. Ke3 Kd5 33. axb6 axb6
34. h4 Bd3 35. f3 Bc2 36. fxe4+ Bxe4 37. Bd2 Bf5 38. Be1 Kc4 39. Bd2 b5 40. Be1
h6 41. Bd2 g5 42. hxg5 hxg5 43. Be1 d5 44. Bd2 Bg4 45. Be1 e5 46. dxe5 Bf5 47.
Bd2 d4+ 48. Ke2 g4 49. Be1 Be6 50. Bd2 Bd7 51. Be1 Bf5 52. Bd2 Be6 53. Be1 Bg8
54. Bd2 Bf7 55. Be1 Be6 56. Bd2 Bf5 57. Be1 Kb3 58. e6 1/2-1/2

[Event "chess.com Speed 5m+1spm 2018"]
[Site "chess.com INT"]
[Date "2018.08.07"]
[Round "1.7"]
[White "Nepomniachtchi, Ian"]
[Black "Grischuk, Alexander"]
[Result "1-0"]
[WhiteTitle "GM"]
[BlackTitle "GM"]
[WhiteElo "2757"]
[BlackElo "2766"]
[WhiteFideId "4168119"]
[BlackFideId "4126025"]
[EventDate "2018.07.24"]

1. e4 e5 2. Nf3 Nf6 3. Nxe5 d6 4. Nf3 Nxe4 5. d4 d5 6. Bd3 Bf5 7. O-O Be7 8. Re1
O-O 9. Nc3 Nxc3 10. bxc3 Bxd3 11. Qxd3 Nd7 12. a4 c6 13. a5 Re8 14. c4 b6 15.
Bd2 dxc4 16. Qxc4 Rc8 17. axb6 axb6 18. Ra7 h6 19. h3 b5 20. Qb3 Bd6 21. Rd1 Ra8
22. Rda1 Rxa7 23. Rxa7 Bb8 24. Ra6 Qc8 25. Qa2 Nf6 26. Ne5 Bxe5 27. dxe5 Nd5 28.
c4 bxc4 29. Qxc4 Re6 30. f4 Qb7 31. Kh2 Qb5 32. Ra8+ Kh7 33. Qe4+ g6 34. f5 Nf6
35. fxg6+ fxg6 36. Ra7+ Kh8 37. Qxg6 Qxe5+ 38. Kh1 1-0

[Event "chess.com Speed 5m+1spm 2018"]
[Site "chess.com INT"]
[Date "2018.08.07"]
[Round "1.8"]
[White "Grischuk, Alexander"]
[Black "Nepomniachtchi, Ian"]
[Result "1-0"]
[WhiteTitle "GM"]
[BlackTitle "GM"]
[WhiteElo "2766"]
[BlackElo "2757"]
[WhiteFideId "4126025"]
[BlackFideId "4168119"]
[EventDate "2018.07.24"]

1. d4 f5 2. g3 Nf6 3. Bg2 g6 4. Nf3 Bg7 5. O-O O-O 6. c4 d6 7. Nc3 c6 8. b3 Nbd7
9. Ng5 Nb6 10. Ba3 Qc7 11. Rc1 h6 12. Nh3 Re8 13. d5 g5 14. f4 Ng4 15. Qd2 Nd7
16. Kh1 Qb6 17. dxc6 bxc6 18. c5 Nxc5 19. Bxc5 dxc5 20. fxg5 Rd8 21. Qf4 Qb4 22.
gxh6 Bxh6 23. Qc7 Bd7 24. Nf4 Qb6 25. Qxb6 axb6 26. Na4 Rab8 27. Rc3 Bg7 28. Rd3
Bd4 29. Ng6 Kf7 30. Nh4 Nf2+ 31. Rxf2 Bxf2 32. Rf3 Bd4 33. Nxf5 Bxf5 34. Rxf5+
Kg7 35. Bxc6 e6 36. Rg5+ Kh6 37. h4 Bf6 38. Rg4 Rd4 39. Be4 Kh5 40. Rf4 Be5 41.
Bf3+ Kh6 42. Rf7 Bxg3 43. Rf6+ Kg7 44. Rxe6 Kf7 45. Rc6 Rg8 46. Nxb6 Rxh4+ 47.
Kg1 Be5+ 48. Kf2 Rh2+ 49. Ke3 Bd4+ 50. Kd3 Rd8 51. Nd5 Rh4 52. a4 Rb8 53. Kc2 1-0

[Event "chess.com Speed 5m+1spm 2018"]
[Site "chess.com INT"]
[Date "2018.08.07"]
[Round "1.9"]
[White "Nepomniachtchi, Ian"]
[Black "Grischuk, Alexander"]
[Result "1/2-1/2"]
[WhiteTitle "GM"]
[BlackTitle "GM"]
[WhiteElo "2757"]
[BlackElo "2766"]
[WhiteFideId "4168119"]
[BlackFideId "4126025"]
[EventDate "2018.07.24"]

1. e4 e5 2. Nf3 Nf6 3. Nxe5 d6 4. Nf3 Nxe4 5. d4 d5 6. Bd3 Bf5 7. O-O Be7 8. Re1
O-O 9. Nc3 Nxc3 10. bxc3 Bxd3 11. Qxd3 Nd7 12. a4 c6 13. a5 Re8 14. c4 b6 15.
Bf4 dxc4 16. Qxc4 Qc8 17. h3 h6 18. Qb3 Bf8 19. Rxe8 Qxe8 20. c4 Qc8 21. Ne5
Nxe5 22. Bxe5 Qa6 23. d5 Re8 24. axb6 Qxb6 25. Qxb6 axb6 26. Bc7 cxd5 27. cxd5
Re7 28. Bxb6 Rd7 29. Ra5 h5 30. g3 f5 31. Kf1 Kf7 32. Ke2 g5 33. Kd3 Bd6 34. Kc4
g4 35. hxg4 hxg4 36. Kb5 Be5 37. Ra7 Rxa7 38. Bxa7 f4 39. gxf4 Bxf4 40. Kc6 g3
41. f3 Kf6 42. d6 Bxd6 43. Kxd6 Kf5 1/2-1/2

[Event "chess.com Speed 3m+1spm 2018"]
[Site "chess.com INT"]
[Date "2018.08.07"]
[Round "1.10"]
[White "Grischuk, Alexander"]
[Black "Nepomniachtchi, Ian"]
[Result "1/2-1/2"]
[WhiteTitle "GM"]
[BlackTitle "GM"]
[WhiteElo "2766"]
[BlackElo "2757"]
[WhiteFideId "4126025"]
[BlackFideId "4168119"]
[EventDate "2018.07.24"]

1. d4 f5 2. g3 Nf6 3. Bg2 g6 4. Nf3 Bg7 5. O-O O-O 6. c4 d6 7. Nc3 c6 8. b3 Re8
9. Bb2 Qc7 10. d5 e5 11. dxe6 Bxe6 12. Ng5 Na6 13. Nxe6 Rxe6 14. Rc1 Nc5 15. e3
Nfe4 16. Qc2 Nxc3 17. Bxc3 Bxc3 18. Qxc3 Qg7 19. b4 Qxc3 20. Rxc3 Ne4 21. Rc2
Kf7 22. Rb1 Ke7 23. a4 Kd7 24. a5 Kc7 25. b5 Re5 26. Rcb2 b6 27. axb6+ axb6 28.
bxc6 Ra6 29. c5 Rxc5 30. Bf1 Ra7 31. Rxb6 Rxc6 32. Rxc6+ Kxc6 1/2-1/2

[Event "chess.com Speed 3m+1spm 2018"]
[Site "chess.com INT"]
[Date "2018.08.07"]
[Round "1.11"]
[White "Nepomniachtchi, Ian"]
[Black "Grischuk, Alexander"]
[Result "0-1"]
[WhiteTitle "GM"]
[BlackTitle "GM"]
[WhiteElo "2757"]
[BlackElo "2766"]
[WhiteFideId "4168119"]
[BlackFideId "4126025"]
[EventDate "2018.07.24"]

1. e4 e5 2. Nf3 Nc6 3. Bb5 Nf6 4. d3 Bc5 5. Nbd2 d6 6. c3 O-O 7. O-O Ne7 8. d4
exd4 9. cxd4 Bb6 10. Re1 Bg4 11. h3 Bh5 12. Qb3 Nc6 13. d5 Nb8 14. Bf1 Nbd7 15.
Qc2 Re8 16. b3 Bg6 17. Bb2 Nxd5 18. Rad1 N5f6 19. Qc3 Qe7 20. e5 dxe5 21. Nc4
Ne4 22. Rxe4 Bxe4 23. Nfxe5 Nxe5 24. Nxe5 Qf6 25. Qg3 Rad8 26. Re1 Rd2 0-1

[Event "chess.com Speed 3m+1spm 2018"]
[Site "chess.com INT"]
[Date "2018.08.07"]
[Round "1.12"]
[White "Grischuk, Alexander"]
[Black "Nepomniachtchi, Ian"]
[Result "1/2-1/2"]
[WhiteTitle "GM"]
[BlackTitle "GM"]
[WhiteElo "2766"]
[BlackElo "2757"]
[WhiteFideId "4126025"]
[BlackFideId "4168119"]
[EventDate "2018.07.24"]

1. d4 f5 2. g3 Nf6 3. Bg2 g6 4. Nf3 Bg7 5. O-O O-O 6. c4 d6 7. Nc3 c6 8. b3 Re8
9. Bb2 Qc7 10. d5 e5 11. dxe6 Bxe6 12. Ng5 Na6 13. Nxe6 Rxe6 14. Rc1 Nc5 15. b4
Nce4 16. e3 h5 17. Ne2 Qf7 18. b5 Rc8 19. a4 h4 20. a5 hxg3 21. hxg3 Ng4 22.
Bxg7 Qxg7 23. Bf3 Nef6 24. Kg2 Rxe3 25. Nf4 Ree8 26. bxc6 bxc6 27. Qxd6 g5 28.
Ne6 Qg6 29. Rce1 Nh6 30. c5 Nf7 31. Qd4 f4 32. g4 Re7 33. Nxf4 gxf4 34. Rxe7
Nxg4 35. Qe4 Ne3+ 36. Kh1 Qxe4 37. Bxe4 Nxf1 38. Bf5 Rf8 39. Be6 a6 40. Rd7 Kg7
41. Kg2 Nd2 42. Bxf7 Rxf7 43. Rxd2 Rf5 44. Rd7+ Kf6 45. Ra7 Rxc5 46. Rxa6 Rc3
47. Ra8 Ra3 1/2-1/2

[Event "chess.com Speed 3m+1spm 2018"]
[Site "chess.com INT"]
[Date "2018.08.07"]
[Round "1.13"]
[White "Nepomniachtchi, Ian"]
[Black "Grischuk, Alexander"]
[Result "1/2-1/2"]
[WhiteTitle "GM"]
[BlackTitle "GM"]
[WhiteElo "2757"]
[BlackElo "2766"]
[WhiteFideId "4168119"]
[BlackFideId "4126025"]
[EventDate "2018.07.24"]

1. e4 e5 2. Nf3 Nc6 3. Bc4 Bc5 4. d3 Nf6 5. c3 d6 6. a4 a6 7. h3 h6 8. O-O O-O
9. Re1 a5 10. Nbd2 Be6 11. Qb3 Qd7 12. Bxe6 fxe6 13. Nf1 Nh5 14. Be3 Bxe3 15.
Rxe3 b6 16. g3 Kh8 17. N1h2 Nf6 18. Rd1 Qf7 19. Qc4 Qd7 20. Kg2 Rae8 21. Qb5 Na7
22. Qb3 Nc6 23. Ng4 Rc8 24. Qc4 Qe8 25. Nxf6 Rxf6 26. d4 exd4 27. cxd4 e5 28.
dxe5 Nxe5 29. Nxe5 Qxe5 30. b3 Rcf8 31. f4 Qe7 32. e5 dxe5 33. Rxe5 Qf7 34. Qc2
Re6 35. Rde1 Rxe5 36. Rxe5 Rd8 37. h4 Qd7 38. Qg6 Qd6 39. Qe4 Qd2+ 40. Kh3 Qd1
41. Re8+ Rxe8 42. Qxe8+ Kh7 43. Qe4+ Kh8 1/2-1/2

[Event "chess.com Speed 3m+1spm 2018"]
[Site "chess.com INT"]
[Date "2018.08.07"]
[Round "1.14"]
[White "Grischuk, Alexander"]
[Black "Nepomniachtchi, Ian"]
[Result "1-0"]
[WhiteTitle "GM"]
[BlackTitle "GM"]
[WhiteElo "2766"]
[BlackElo "2757"]
[WhiteFideId "4126025"]
[BlackFideId "4168119"]
[EventDate "2018.07.24"]

1. d4 Nf6 2. c4 g6 3. Nc3 d5 4. cxd5 Nxd5 5. e4 Nxc3 6. bxc3 Bg7 7. Nf3 c5 8.
Rb1 Nd7 9. Bd3 Qa5 10. Bd2 Qxa2 11. O-O O-O 12. Re1 Qa5 13. e5 e6 14. h4 Qc7 15.
h5 b6 16. hxg6 hxg6 17. Ng5 Rd8 18. Qf3 Nxe5 19. dxe5 Bb7 20. Qh3 Rxd3 21. Qxd3
Rd8 22. Qe2 Bh6 23. Bf4 Qc6 24. f3 Qa4 25. Qe3 Qc2 26. Rbc1 Qf5 27. Rcd1 Rxd1
28. Rxd1 Bd5 29. Nxe6 1-0

[Event "chess.com Speed 3m+1spm 2018"]
[Site "chess.com INT"]
[Date "2018.08.07"]
[Round "1.15"]
[White "Nepomniachtchi, Ian"]
[Black "Grischuk, Alexander"]
[Result "1/2-1/2"]
[WhiteTitle "GM"]
[BlackTitle "GM"]
[WhiteElo "2757"]
[BlackElo "2766"]
[WhiteFideId "4168119"]
[BlackFideId "4126025"]
[EventDate "2018.07.24"]

1. c4 g6 2. e4 Bg7 3. d4 d6 4. Nc3 Nf6 5. Nf3 O-O 6. h3 e5 7. d5 a5 8. g4 Na6 9.
Be3 Nc5 10. Nd2 c6 11. Be2 a4 12. h4 Qa5 13. f3 a3 14. Qc2 axb2 15. Qxb2 h5 16.
g5 Nfd7 17. O-O f6 18. Kg2 Qd8 19. Nb3 fxg5 20. hxg5 Rf4 21. Kf2 Qxg5 22. Rh1
Qf6 23. Rag1 Kh7 24. Qc2 Bh6 25. Rg2 Rh4 26. Rhg1 Bxe3+ 27. Kxe3 Qf4+ 28. Kf2
Rh2 29. dxc6 bxc6 30. Qd1 Qh4+ 31. Ke3 Qf4+ 32. Kf2 Nf6 33. Rxh2 Qxh2+ 34. Rg2
Qh4+ 35. Kg1 Bh3 36. Rh2 Qg3+ 37. Kh1 Ne6 38. Qg1 Qxg1+ 39. Kxg1 Nf4 40. Bd1 Be6
41. Rd2 d5 42. cxd5 cxd5 43. exd5 N6xd5 44. Ne4 Kh6 45. Nbc5 Bg8 46. Bb3 Nb4 47.
Bxg8 Rxg8 48. a4 Nc6 49. Ra2 Nd4 50. a5 Nxf3+ 51. Kf2 Nd4 52. a6 Nd5 53. Nd7 Nc6
54. Rd2 Ndb4 55. Nec5 Ra8 56. Rd6 Nxa6 57. Rxc6 Nxc5 58. Nxc5 Kg5 59. Ne4+ Kf4
60. Ng3 Ra2+ 61. Ne2+ Kf5 62. Rc8 h4 63. Rf8+ Kg4 64. Re8 Kf5 65. Rf8+ Kg4 66.
Re8 Kf5 67. Rf8+ 1/2-1/2

[Event "chess.com Speed 3m+1spm 2018"]
[Site "chess.com INT"]
[Date "2018.08.07"]
[Round "1.16"]
[White "Grischuk, Alexander"]
[Black "Nepomniachtchi, Ian"]
[Result "1-0"]
[WhiteTitle "GM"]
[BlackTitle "GM"]
[WhiteElo "2766"]
[BlackElo "2757"]
[WhiteFideId "4126025"]
[BlackFideId "4168119"]
[EventDate "2018.07.24"]

1. d4 d5 2. c4 c6 3. Nf3 Nf6 4. Nc3 e6 5. Bg5 h6 6. Bh4 dxc4 7. e4 g5 8. Bg3 b5
9. Be2 Bb7 10. Ne5 Nbd7 11. O-O h5 12. Nxd7 Qxd7 13. b3 Bb4 14. Be5 Rh6 15. Qc1
Bxc3 16. Qxc3 Nxe4 17. Qe3 f6 18. Qxe4 fxe5 19. Qxe5 O-O-O 20. bxc4 Qxd4 21.
Qxg5 Rhh8 22. Rad1 Qb2 23. Qe3 bxc4 24. Rb1 Qd4 25. Qxe6+ Kc7 26. Rfd1 Qg7 27.
Qxc4 Rxd1+ 28. Bxd1 Rf8 29. Qb3 Kc8 30. Bf3 Rf6 31. h3 h4 32. Qe3 Rd6 33. Qxa7
Qh7 34. Bg4+ 1-0

[Event "chess.com Speed 3m+1spm 2018"]
[Site "chess.com INT"]
[Date "2018.08.07"]
[Round "1.17"]
[White "Nepomniachtchi, Ian"]
[Black "Grischuk, Alexander"]
[Result "0-1"]
[WhiteTitle "GM"]
[BlackTitle "GM"]
[WhiteElo "2757"]
[BlackElo "2766"]
[WhiteFideId "4168119"]
[BlackFideId "4126025"]
[EventDate "2018.07.24"]

1. e4 e5 2. Nc3 Nc6 3. Nf3 Nf6 4. d4 exd4 5. Nxd4 Bb4 6. Nxc6 bxc6 7. Bd3 d5 8.
exd5 O-O 9. O-O cxd5 10. h3 Rb8 11. Qf3 Rb6 12. Na4 Re6 13. Bg5 h6 14. Bh4 g5
15. Bg3 Ne4 16. Rad1 Nd2 17. Rxd2 Bxd2 18. Nc5 Rf6 19. Qh5 Bf4 20. Bxf4 gxf4 21.
Re1 Qd6 22. b4 a5 23. a3 Kh8 24. Re5 c6 25. Re1 Rg8 26. Qf3 axb4 27. axb4 Bf5
28. Bxf5 Rxf5 29. Nd3 Qf6 30. Kh1 Kh7 31. Rd1 Rgg5 32. Re1 Qc3 33. Re2 Rf6 34.
h4 Rg7 35. Qh3 f3 36. gxf3 Qa1+ 37. Re1 Qc3 38. Re2 Qd4 39. f4 Rfg6 40. Kh2 Qf6
41. f3 Rg1 42. Re5 Qg6 43. Qf5 Rg2+ 44. Kh3 Qxf5+ 0-1

[Event "chess.com Speed 3m+1spm 2018"]
[Site "chess.com INT"]
[Date "2018.08.07"]
[Round "1.18"]
[White "Grischuk, Alexander"]
[Black "Nepomniachtchi, Ian"]
[Result "0-1"]
[WhiteTitle "GM"]
[BlackTitle "GM"]
[WhiteElo "2766"]
[BlackElo "2757"]
[WhiteFideId "4126025"]
[BlackFideId "4168119"]
[EventDate "2018.07.24"]

1. d4 Nf6 2. c4 g6 3. Nc3 d5 4. cxd5 Nxd5 5. e4 Nxc3 6. bxc3 Bg7 7. Nf3 c5 8.
Rb1 b6 9. Bd3 O-O 10. O-O Ba6 11. Bxa6 Nxa6 12. Qe2 Nc7 13. Rd1 cxd4 14. cxd4
Qd7 15. d5 Rac8 16. Bb2 Bxb2 17. Rxb2 Qa4 18. h4 Na6 19. h5 Rc4 20. hxg6 hxg6
21. e5 Nc5 22. Rbd2 Re4 23. Qf1 Kg7 24. d6 exd6 25. exd6 Rh8 26. g3 Qd7 27. Qg2
Rh5 28. Ne1 Rhe5 29. Nc2 Ne6 30. Ne3 Ng5 31. Rd5 Nh3+ 32. Kh2 Ng5 33. Rxe5 Rxe5
34. Rd3 Ne4 35. Qf3 Rh5+ 36. Kg1 Ng5 37. Qg2 Qb5 38. Rd1 Nh3+ 39. Qxh3 Rxh3 40.
d7 Rh8 41. d8=Q Rxd8 42. Rxd8 Qb1+ 0-1

[Event "chess.com Speed 1m+1spm 2018"]
[Site "chess.com INT"]
[Date "2018.08.07"]
[Round "1.19"]
[White "Nepomniachtchi, Ian"]
[Black "Grischuk, Alexander"]
[Result "1/2-1/2"]
[WhiteTitle "GM"]
[BlackTitle "GM"]
[WhiteElo "2757"]
[BlackElo "2766"]
[WhiteFideId "4168119"]
[BlackFideId "4126025"]
[EventDate "2018.07.24"]

1. e4 e5 2. Nf3 Nc6 3. d4 exd4 4. Nxd4 Nf6 5. Nxc6 bxc6 6. e5 Qe7 7. Qe2 Nd5 8.
c4 Ba6 9. b3 g6 10. f4 d6 11. Qf2 Nf6 12. Be2 dxe5 13. O-O Ne4 14. Qf3 f5 15.
Nc3 exf4 16. Nxe4 Qxe4 17. Qxe4+ fxe4 18. Rxf4 Bc5+ 19. Kh1 O-O-O 20. Rxe4 Bd4
21. Rb1 c5 22. Bg5 Rde8 23. Bf3 Bb7 24. Rxe8+ Rxe8 25. Rd1 Bxf3 26. gxf3 Re2 27.
a3 Ra2 28. a4 Kb7 29. h4 Kc6 30. Rd3 Rb2 31. Bf4 Rc2 32. Bg3 Re2 33. Bf4 Rc2 34.
Bg3 Re2 35. Bf4 Rc2 1/2-1/2

[Event "chess.com Speed 1m+1spm 2018"]
[Site "chess.com INT"]
[Date "2018.08.07"]
[Round "1.20"]
[White "Grischuk, Alexander"]
[Black "Nepomniachtchi, Ian"]
[Result "1-0"]
[WhiteTitle "GM"]
[BlackTitle "GM"]
[WhiteElo "2766"]
[BlackElo "2757"]
[WhiteFideId "4126025"]
[BlackFideId "4168119"]
[EventDate "2018.07.24"]

1. d4 e6 2. e4 d5 3. Nc3 Nf6 4. e5 Nfd7 5. Nce2 c5 6. c3 b5 7. Nf3 b4 8. Nf4
bxc3 9. bxc3 cxd4 10. cxd4 Nc6 11. Be2 Ba6 12. O-O Bxe2 13. Qxe2 Be7 14. Be3 Na5
15. Nd2 O-O 16. Qg4 Kh8 17. Nh5 Rg8 18. Nf3 Nc4 19. Bg5 Nf8 20. Rab1 h6 21. Bxe7
Qxe7 22. Nf4 Rc8 23. h4 Nh7 24. Qh5 Rc7 25. Rb3 Rb7 26. Rfb1 Rxb3 27. Rxb3 Nb6
28. g4 Nd7 29. g5 Ndf8 30. Kh2 f6 31. g6 1-0

[Event "chess.com Speed 1m+1spm 2018"]
[Site "chess.com INT"]
[Date "2018.08.07"]
[Round "1.21"]
[White "Nepomniachtchi, Ian"]
[Black "Grischuk, Alexander"]
[Result "1/2-1/2"]
[WhiteTitle "GM"]
[BlackTitle "GM"]
[WhiteElo "2757"]
[BlackElo "2766"]
[WhiteFideId "4168119"]
[BlackFideId "4126025"]
[EventDate "2018.07.24"]

1. e4 e5 2. Nf3 Nc6 3. Bb5 Nf6 4. O-O Nxe4 5. d4 Nd6 6. dxe5 Nxb5 7. a4 Nbd4 8.
Nxd4 d5 9. Nxc6 bxc6 10. Qd3 a5 11. Qg3 Qd7 12. h3 Qf5 13. Qc3 Bd7 14. b3 Bb4
15. Qg3 O-O 16. Bh6 Qg6 17. Qxg6 hxg6 18. Bd2 Bf5 19. Bxb4 axb4 20. Nd2 Rfe8 21.
f4 c5 22. g4 Bd7 23. Rac1 f6 24. c3 bxc3 25. Rxc3 fxe5 26. Rxc5 c6 27. fxe5 Rxe5
28. Rc3 d4 29. Nf3 Rd5 30. Rc4 c5 31. Rfc1 Ra5 32. b4 cxb4 33. Rxb4 Rxa4 34.
Rxa4 Bxa4 35. Rc4 Bb5 36. Rxd4 Rxd4 37. Nxd4 1/2-1/2

[Event "chess.com Speed 1m+1spm 2018"]
[Site "chess.com INT"]
[Date "2018.08.07"]
[Round "1.22"]
[White "Grischuk, Alexander"]
[Black "Nepomniachtchi, Ian"]
[Result "1-0"]
[WhiteTitle "GM"]
[BlackTitle "GM"]
[WhiteElo "2766"]
[BlackElo "2757"]
[WhiteFideId "4126025"]
[BlackFideId "4168119"]
[EventDate "2018.07.24"]

1. d4 d5 2. c4 e5 3. dxe5 d4 4. Nf3 Nc6 5. Nbd2 Nge7 6. Nb3 Nf5 7. e4 dxe3 8.
Qxd8+ Nxd8 9. fxe3 Be7 10. Bd3 O-O 11. O-O c6 12. Bd2 Re8 13. Nbd4 Nh4 14. Bc3
Ng6 15. Nf5 Bxf5 16. Bxf5 Bc5 17. Bd4 Bf8 18. Ng5 Re7 19. h4 h6 20. Nxf7 Nxh4
21. Nxd8 Rxd8 22. Bc2 g6 23. g3 Nf5 24. Bxf5 gxf5 25. Rxf5 Re6 26. Rf6 Rde8 27.
Raf1 Bg7 28. Rxe6 Rxe6 29. Rf5 a6 30. Kg2 c5 31. Bxc5 Bxe5 32. Bd4 Bd6 33. c5
Bc7 34. b4 Rg6 35. Be5 Bd8 36. a4 Be7 37. Bd4 Bh4 38. Be5 Be7 39. Bf4 b6 40.
cxb6 Rxb6 41. b5 axb5 42. axb5 Re6 43. Kf3 Kg7 44. Re5 1-0

[Event "chess.com Speed 1m+1spm 2018"]
[Site "chess.com INT"]
[Date "2018.08.07"]
[Round "1.23"]
[White "Nepomniachtchi, Ian"]
[Black "Grischuk, Alexander"]
[Result "1/2-1/2"]
[WhiteTitle "GM"]
[BlackTitle "GM"]
[WhiteElo "2757"]
[BlackElo "2766"]
[WhiteFideId "4168119"]
[BlackFideId "4126025"]
[EventDate "2018.07.24"]

1. d4 Nf6 2. c4 g6 3. Nc3 Bg7 4. Nf3 O-O 5. g3 d6 6. Bg2 Nc6 7. O-O e5 8. e4
exd4 9. Nxd4 Nxe4 10. Nxc6 Nxc3 11. Nxd8 Nxd1 12. Nxb7 Nxb2 13. Nxd6 Rb8 14.
Nxc8 Rfxc8 15. Be3 Nxc4 16. Bxa7 Bxa1 17. Bxb8 Bd4 18. Rc1 Rxb8 19. Rxc4 Rb1+
20. Bf1 c5 21. Rc2 Rb2 22. Rxb2 Bxb2 23. a4 Bc3 24. Kg2 Kf8 25. Kf3 Ke7 26. Ke4
Kd6 27. Kd3 Be1 28. f3 Kd5 29. f4 c4+ 30. Ke3 Ba5 31. Bg2+ 1/2-1/2